Historia HJCK 50 años 1950 -2000 (Registro nro. 73839)
[ vista simple ]
| 000 -ENCABEZADO | |
|---|---|
| Número de control [NR] | 01018nam a2200241Ia 4500 |
| 008 - DE LONGITUD FIJA DE DATOS DE ELEMENTOS - INFORMACIÓN GENERAL | |
| Elementos de longitud fija [NR] | 130821s2000 ck ao gr spa |
| 040 ## - FUENTE DE CATALOGACION [NR] | |
| Agencia de catalogación original [NR] | Co-BoUCM |
| Idioma de catalogación [NR] | spa |
| 041 00 - CODIGO DE IDIOMA [R] | |
| Código de idioma para texto/pista de sonido o título separado [R] | Español |
| 084 04 - OTRO NUMERO DE CLASIFICACION [R] | |
| Número clasificador [R] | 079.861 |
| Fuente del número [NR] | 20 |
| 245 00 - MENCION DE TITULO [NR] | |
| Título [NR] | Historia HJCK 50 años 1950 -2000 |
| Mención de responsabilidad, etc. [NR] | Director de la obra Alvaro Castaño Castillo; editor Guillermo Uribe-Holguín |
| 260 ## - PUBLICACION, DISTRIBUCION, ETC. (PIE DE IMPRENTA) [R] | |
| Lugar de publicación, distribución, etc. [R] | Bogotá (Colombia) |
| Nombre del editor, distribuidor, etc. [R] | D'vinni |
| Fecha de publicación, distribución, etc. [R] | [2000] |
| 300 ## - DESCRIPCION FISICA [R] | |
| Extensión [R] | 2 volúmenes |
| Otros detalles físicos [NR] | fotografías |
| 500 ## - NOTA GENERAL [R] | |
| Nota general [NR] | Edición conmemorativa cincuenta años de la Emisora H.J.C.K. El Mundo en Bogotá (1950-2000). |
| 500 ## - NOTA GENERAL [R] | |
| Nota general [NR] | Incluye índice. |
| 505 ## - NOTA DE CONTENIDO CON FORMATO PREESTABLECIDO [R] | |
| Información miscelánea [R] | V.1 |
| State manifest and birth record (1764-1977). | Historia 1. -- |
| Información miscelánea [R] | V.2 |
| State manifest and birth record (1764-1977). | Historia 2. |
| 610 ## - ASIENTO SECUNDARIO DE MATERIA - NOMBRE CORPORATIVO [R] | |
| Nombre corporativo o nombre de la jurisdicción como elemento de entrada [NR] | Emisora Hjck el Mundo en Bogotá |
| Subdivisión general [R] | Historia |
| Subdivisión cronológica [R] | 1950-2000 |
| 9 (RLIN) | 4187 |
| 650 ## - ASIENTO SECUNDARIO DE MATERIA - TERMINO TEMATICO [R] | |
| Término temático o nombre geográfico como elemento de entrada [NR] | Periodismo |
| 9 (RLIN) | 7909 |
| 650 ## - ASIENTO SECUNDARIO DE MATERIA - TERMINO TEMATICO [R] | |
| Término temático o nombre geográfico como elemento de entrada [NR] | Periodismo |
| Subdivisión general [R] | Historia |
| Subdivisión geográfica [R] | Colombia |
| 9 (RLIN) | 7909 |
| 650 ## - ASIENTO SECUNDARIO DE MATERIA - TERMINO TEMATICO [R] | |
| Término temático o nombre geográfico como elemento de entrada [NR] | Radioemisoras |
| Subdivisión general [R] | Historia |
| Subdivisión geográfica [R] | Colombia |
| Subdivisión cronológica [R] | 1950-2000 |
| 9 (RLIN) | 8011 |
| 700 1# - ASIENTO SECUNDARIO - NOMBRE PERSONAL [R] | |
| Nombre personal [NR] | Castaño Castillo, Alvaro |
| Fechas asociadas con el nombre [NR] | 1920- |
| 700 1# - ASIENTO SECUNDARIO - NOMBRE PERSONAL [R] | |
| Nombre personal [NR] | Uribe Holguín, Guillermo |
| Fechas asociadas con el nombre [NR] | 1880-1971 |
| Término de relación [R] | |
| 942 ## - ELEMENTOS DE ENTRADA AGREGADOS (KOHA) | |
| Tipo de ítem principal el descrito en 300a | Libro |
| Tema principal | Comunicación |
| Edición | 1 |
| Parte restante de la signatura top. | H673h |
| Sistema de clasificación | DEWEY |
| Clasificación | 079.861 |
| Fecha de último préstamo | Total préstamos | Total Renewals | Signatura topográfica | Código de barras | Última vez visto | Volúmen / Fascículo | Ejemplar | Price effective from | Tipo de ítem | Perdido | Sistema de clasificación | Dañado | No prestable | Tipo de ítem específico | Suprimido | Ubicación habitual | Ubicación actual | Localización | Fecha de creación | Forma de adquisición | Costo |
|---|---|---|---|---|---|---|---|---|---|---|---|---|---|---|---|---|---|---|---|---|---|
| 18/10/2016 | 1 | 2 | 079.861 H673h | 100115193 | 05/12/2025 | V.1 | Ej.1 | 03/02/2013 | Libro | DEWEY | Libro | Claustro | Claustro | 2do piso | 28/02/2013 | Donación | 26000.00 | ||||
| 19/07/2011 | 079.861 H673h | 100115194 | 05/12/2025 | V.2 | Ej.1 | 03/02/2013 | Libro | DEWEY | Libro | Claustro | Claustro | 2do piso | 28/02/2013 | Donación | 26000.00 |